| 000 | 00532nam a2200157Ia 4500 | ||
|---|---|---|---|
| 003 | GCL | ||
| 008 | 140319s9999 xx 000 0 ara d | ||
| 040 |
_aGCL / _cGCL |
||
| 082 | 0 | 4 |
_aم _b230.9 _bم ت |
| 100 | 1 | _aمنصور على ناصف | |
| 245 | 1 | 0 |
_aالتاج الجامع للاصول فى احاديث الرسول صلى الله عليه وسلم / _cمنصور على ناصف |
| 260 |
_a[S.N] : _bدار احياء الكتب العربية |
||
| 650 | 0 | 4 | _aالاسلام |
| 650 | 0 | 4 | _aالحديث |
| 942 |
_2ddc _cREF |
||
| 999 |
_c59350 _d59350 |
||